Planning and the gender equality duty (Record no. 109899)
[ view plain ]
| 000 -LEADER | |
|---|---|
| fixed length control field | 01973cad a22002895a 4500 |
| 001 - CONTROL NUMBER | |
| control field | L148132 |
| 008 - FIXED-LENGTH DATA ELEMENTS--GENERAL INFORMATION | |
| fixed length control field | 090803s2009 xxk f 000 0 eng d |
| 020 ## - INTERNATIONAL STANDARD BOOK NUMBER | |
| International Standard Book Number | 9781842194775 |
| 035 ## - SYSTEM CONTROL NUMBER | |
| System control number | (Sirsi) u148132 |
| 041 0# - LANGUAGE CODE | |
| Language code of text/sound track or separate title | eng |
| 050 04 - LIBRARY OF CONGRESS CALL NUMBER | |
| Classification number | 711.1 $2 18 |
| 100 1# - MAIN ENTRY--PERSONAL NAME | |
| Personal name | Burgess, Gemma |
| 245 00 - TITLE STATEMENT | |
| Title | Planning and the gender equality duty |
| Remainder of title | why does gender matter? |
| Medium | [electronic resource] |
| 260 ## - PUBLICATION, DISTRIBUTION, ETC. | |
| Place of publication, distribution, etc. | London |
| Name of publisher, distributor, etc. | RICS |
| Date of publication, distribution, etc. | 2009 |
| 490 #0 - SERIES STATEMENT | |
| Series statement | RICS Research |
| 505 2# - FORMATTED CONTENTS NOTE | |
| Formatted contents note | Executive summary -- Introduction -- Aims -- Methods -- Literature review -- The gender equality duty -- Research findings -- Conclusions -- Annex A: Spatial planning and gender equality -- Annex B: Useful resources -- References |
| 520 ## - SUMMARY, ETC. | |
| Summary, etc. | The Gender Equality Duty is a requirement included in the Single Equality Act (2006) requiring public authorities to promote gender equality and remove gender discrimination when acting as employers and service providers. This research paper examines the impact of Gender Equality Duty on spatial planning practice and policy. It concludes that there is a lack of awareness of the Gender Equality Duty and a tendency to focus the legislation around women. It also finds that gender equality is not as emphasised as race or disability equality. It also suggests a lack of knowledge and examples on how to practically implement gender in planning and shows that gender equality in local authorities is usually emphasised by individuals. |
| 521 ## - TARGET AUDIENCE NOTE | |
| Target audience note | Advanced |
| 590 ## - LOCAL NOTE (RLIN) | |
| Local note | KA |
| 651 #4 - SUBJECT ADDED ENTRY--GEOGRAPHIC NAME | |
| Geographic name | England and Wales |
| Chronological subdivision | 1543- |
| 690 ## - LOCAL SUBJECT ADDED ENTRY--TOPICAL TERM (OCLC, RLIN) | |
| Topical term or geographic name as entry element | Planning and development |
| 9 (RLIN) | 6259 |
| 690 ## - LOCAL SUBJECT ADDED ENTRY--TOPICAL TERM (OCLC, RLIN) | |
| Topical term or geographic name as entry element | MANAGEMENT-BUSINESS MANAGEMENT-DISCRIMINATION-GENDER DISCRIMINATION |
| 710 1# - ADDED ENTRY--CORPORATE NAME | |
| Corporate name or jurisdiction name as entry element | Cambridge Centre for Housing and Planning Research |
| 710 1# - ADDED ENTRY--CORPORATE NAME | |
| Corporate name or jurisdiction name as entry element | University of Cambridge |
| Subordinate unit | Department of Land Economy |
| 9 (RLIN) | 201 |
| 856 40 - ELECTRONIC LOCATION AND ACCESS | |
| Uniform Resource Identifier | <a href="https://www.rics.org/profession-standards/knowledge-and-information-services">https://www.rics.org/profession-standards/knowledge-and-information-services</a> |
| Public note | email [email protected] for a copy (fees apply to non-members) |
| 942 ## - ADDED ENTRY ELEMENTS (KOHA) | |
| Suppress in OPAC | 0 |
| Source of classification or shelving scheme | Dewey Decimal Classification |
| Withdrawn status | Lost status | Source of classification or shelving scheme | Damaged status | Not for loan | Home library | Current library | Shelving location | Date acquired | Total Checkouts | Full call number | Barcode | Date last seen | Copy number | Price effective from | Koha item type |
|---|---|---|---|---|---|---|---|---|---|---|---|---|---|---|---|
| Dewey Decimal Classification | Virtual | Virtual | Online | 03/08/2009 | SCAN | 148132-2001 | 02/04/2025 | 1 | 06/08/2019 | Online material |